书目信息 |
| 题名: |
国外摄影石家创作思维民拍摄技巧
|
|
| 作者: | 标路 | |
| 分册: | ||
| 出版信息: | 吉林摄影出版社 1997.08 |
|
| 页数: | 153页 | |
| 开本: | 32开 | |
| 丛书名: | ||
| 单 册: | ||
| 中图分类: | J404 | |
| 科图分类: | ||
| 主题词: | 摄影艺术--艺术理论 | |
| 电子资源: | ||
| ISBN: | ||
| 000 | 00551nam0 2200193 45 | |
| 001 | 0308271077 | |
| 005 | 20030827105632.9 | |
| 010 | @dRMB11.00 | |
| 100 | @a20030827d1997 km y0chiy0120 ea | |
| 101 | @achi | |
| 105 | @a z 000yy | |
| 200 | 1 | @a国外摄影石家创作思维民拍摄技巧@Aguo wai she ying shi jia chuang zuo si wei min pai she ji qiao@f标路@Fbiao lu |
| 210 | @c吉林摄影出版社@d1997.08 | |
| 215 | @a153页@c无图表@d32开 | |
| 606 | 0 | @a摄影艺术@x艺术理论 |
| 690 | @aJ404@v3 | |
| 701 | 0 | @a标路 |
| 801 | @aCN@b@c20030827 | |
| 905 | @aBZT@dJ404@e23 | |
| 国外摄影石家创作思维民拍摄技巧/标路.-吉林摄影出版社,1997.08 |
| 153页:无图表;32开 |
| ISBN :RMB11.00 |
| ● |
| 相关链接 |
|
|
|
正题名:国外摄影石家创作思维民拍摄技巧
索取号:J404/23
 
预约/预借
| 序号 | 登录号 | 条形码 | 馆藏地/架位号 | 状态 | 备注 |
| 1 | 83843 | 200055616 | 中心书库中库/ 中库019架A面1列3层2/ [索取号:J404/23] | 在馆 | |
| 2 | 83844 | 200055607 | 中心书库中库/ 中库019架A面1列3层3/ [索取号:J404/23] | 在馆 | |
| 3 | 83845 | 200055625 | 中心书库中库/ 中库019架A面1列3层1/ [索取号:J404/23] | 在馆 |